Геохимия и петрология рудных районов Красноярского края

গ্রন্থ-পঞ্জীর বিবরন
সংস্থা লেখক: Академия Наук СССР, Всесоюзное минералогическое общество
অন্যান্য লেখক: Даценко В. М. (редактор), Ли Л. В.
ভাষা:রুশ
প্রকাশিত: Новосибирск, Наука, 1985
বিষয়গুলি:
বিন্যাস: MixedMaterials গ্রন্থ
KOHA link:https://koha.lib.tpu.ru/cgi-bin/koha/opac-detail.pl?biblionumber=78107

MARC

LEADER 00000nam0a2200000 4500
001 78107
005 20231031093701.0
035 |a (RuTPU)RU\TPU\book\83717 
090 |a 78107 
100 |a 20050609d1985 m y0rusy50 ca 
101 0 |a rus 
102 |a RU 
105 |a a z 000zy 
200 1 |a Геохимия и петрология рудных районов Красноярского края  |f Академия Наук СССР; Всесоюзное минералогическое общество; Под ред. В. М. Даценко; Л. В. Ли 
210 |a Новосибирск  |c Наука  |d 1985 
215 |a 120 с.  |c ил. 
320 |a Библиография в конце глав. 
610 1 |a геохимия 
610 1 |a петрология 
610 1 |a руды 
610 1 |a месторождения 
610 1 |a Красноярский край 
675 |a 553.3/.4(571)  |v 3 
702 1 |a Даценко  |b В. М.  |4 340 
702 1 |a Ли  |b Л. В.  |4 340 
712 0 2 |a Академия Наук СССР  |2 stltpush  |3 (RuTPU)RU\TPU\col\722 
712 0 2 |a Всесоюзное минералогическое общество  |2 stltpush  |3 (RuTPU)RU\TPU\col\6861 
801 1 |a RU  |b 63413507  |c 20050609  |g PSBO 
801 2 |a RU  |b 63413507  |c 20150324  |g PSBO 
942 |c BK